书目信息 |
| 题名: |
统计学原理
|
|
| 作者: | 李军红 主编 | |
| 分册: | ||
| 出版信息: | 郑州 黄河水利出版社 1999.07 |
|
| 页数: | 316页 | |
| 开本: | 32开 | |
| 丛书名: | ||
| 单 册: | ||
| 中图分类: | C8 | |
| 科图分类: | ||
| 主题词: | 统计学 | |
| 电子资源: | ||
| ISBN: | 7-80621-286-8 | |
| 000 | 00528nam0 2200193 45 | |
| 001 | 0012051108 | |
| 005 | 20001205113503.6 | |
| 010 | @a7-80621-286-8@d15.00元 | |
| 100 | @a20001205d1999 km y0chiy0120 ea | |
| 101 | 0 | @achi |
| 105 | @a z 000yy | |
| 200 | 1 | @a统计学原理@ATong Ji Xue Yuan Li@f李军红主编@FLi Jun Hong Zhu Bian |
| 210 | @a郑州@c黄河水利出版社@d1999.07 | |
| 215 | @a316页@d32开 | |
| 606 | 0 | @a统计学 |
| 690 | @aC8@v3 | |
| 701 | 0 | @a李军红@4主编 |
| 801 | @aCN@bPftUser@c20001205 | |
| 905 | @b513951-953@dC8@eL321@f3 | |
| 统计学原理/李军红主编.-郑州:黄河水利出版社,1999.07 |
| 316页;32开 |
| ISBN 7-80621-286-8:15.00元 |
| ● |
| 相关链接 |
|
|
|
正题名:统计学原理
索取号:C8/L321
 
预约/预借
| 序号 | 登录号 | 条形码 | 馆藏地/架位号 | 状态 | 备注 |
| 1 | 513951 | 205139517 | 社科库509/509社科库 55排4列2层/ [索取号:C8/L321] | 在馆 | |
| 2 | 513952 | 205139526 | 社科库509/509社科库 55排4列2层/ [索取号:C8/L321] | 在馆 | |
| 3 | 513953 | 205139535 | 社科库509/509社科库 55排4列2层/ [索取号:C8/L321] | 在馆 |